Electric motor handbook-(E-BOOK) (Record no. 191322)
[ view plain ]
| 000 -LEADER | |
|---|---|
| fixed length control field | 01241 a2200253 4500 |
| 003 - CONTROL NUMBER IDENTIFIER | |
| control field | Nust |
| 005 - DATE AND TIME OF LATEST TRANSACTION | |
| control field | 20170207154014.0 |
| 010 ## - LIBRARY OF CONGRESS CONTROL NUMBER | |
| LC control number | 98026055 |
| 020 ## - INTERNATIONAL STANDARD BOOK NUMBER | |
| International Standard Book Number | 0070359717 (recycled, acid-free paper) |
| 035 ## - SYSTEM CONTROL NUMBER | |
| System control number | (DLC) 98026055 |
| 040 ## - CATALOGING SOURCE | |
| Transcribing agency | Nust |
| 082 00 - DEWEY DECIMAL CLASSIFICATION NUMBER | |
| Classification number | 621.46 |
| 100 1# - MAIN ENTRY--PERSONAL NAME | |
| Personal name | Beaty, H. Wayne. |
| 245 10 - TITLE STATEMENT | |
| Title | Electric motor handbook-(E-BOOK) |
| Statement of responsibility, etc. | H. Wayne Beaty, James L. Kirtley, Jr. |
| 260 ## - PUBLICATION, DISTRIBUTION, ETC. | |
| Place of publication, distribution, etc. | New York : |
| Name of publisher, distributor, etc. | McGraw-Hill, |
| Date of publication, distribution, etc. | c1998. |
| 300 ## - PHYSICAL DESCRIPTION | |
| Extent | xiv, 404 p. : |
| Other physical details | ill. ; |
| Dimensions | 24 cm. |
| 490 0# - SERIES STATEMENT | |
| Series statement | McGraw-Hill handbooks |
| 505 ## - FORMATTED CONTENTS NOTE | |
| Formatted contents note | Electric Motors - Terminology And Definitions - Fundamentals Of Electromagnetic Forces And Loss Mechanisms - Induction Motors - Synchronous Motors - Permanent Magnet-Synchronous (Brushless) Motors - Other Types Of Electric Motors And Related Apparatus - Motor Noise And Product Sound - Servomechanical Power-Electronic Motor Drives - |
| 650 #0 - SUBJECT ADDED ENTRY--TOPICAL TERM | |
| Topical term or geographic name entry element | Electric motors |
| General subdivision | Handbooks, manuals, etc. |
| 700 1# - ADDED ENTRY--PERSONAL NAME | |
| Personal name | Kirtley, James L. |
| 856 42 - ELECTRONIC LOCATION AND ACCESS | |
| Materials specified | Contributor biographical information |
| Uniform Resource Identifier | <a href="http://www.loc.gov/catdir/bios/mh041/98026055.html">http://www.loc.gov/catdir/bios/mh041/98026055.html</a> |
| 856 42 - ELECTRONIC LOCATION AND ACCESS | |
| Materials specified | Publisher description |
| Uniform Resource Identifier | <a href="http://www.loc.gov/catdir/description/mh023/98026055.html">http://www.loc.gov/catdir/description/mh023/98026055.html</a> |
| 856 42 - ELECTRONIC LOCATION AND ACCESS | |
| Materials specified | Table of contents |
| Uniform Resource Identifier | <a href="http://www.loc.gov/catdir/toc/mh022/98026055.html">http://www.loc.gov/catdir/toc/mh022/98026055.html</a> |
| 942 ## - ADDED ENTRY ELEMENTS (KOHA) | |
| Source of classification or shelving scheme | |
| Koha item type | Book |
| Withdrawn status | Lost status | Source of classification or shelving scheme | Damaged status | Not for loan | Collection code | Permanent Location | Current Location | Date acquired | Total Checkouts | Full call number | Barcode | Date last seen | Price effective from | Koha item type |
|---|---|---|---|---|---|---|---|---|---|---|---|---|---|---|
| Military College of Signals (MCS) | Military College of Signals (MCS) | 12/12/2016 | 621.46 BEA | MCSEB-720 | 12/08/2016 | 12/12/2016 | Book |
